| 000 | 00906cgm a2200277 4500 | ||
|---|---|---|---|
| 001 | E1829 | ||
| 008 | 090401t1994 xxu||||| |||| 00| 0 eng d | ||
| 035 | _a(Sirsi) u35891 | ||
| 041 | _aeng | ||
| 050 | _a333.332 | ||
| 100 | _aWhite, Matthew | ||
| 245 | _aRICS/ISVA home buyers survey and valuation | ||
| 260 |
_aLondon _bRICS _c1994 |
||
| 300 | _a1 sound cassette (60 min.) | ||
| 350 | _a10.21 | ||
| 490 | _aOwlion Audio Programme | ||
| 520 | _aUnravels the complexities of the HBSV, focusing particularly on the important elements and changes that were necessary in revamping the H/FBRV. | ||
| 650 | _aRICS HOMEBUYER SURVEY AND VALUATION | ||
| 650 | _aRESIDENTIAL VALUATION | ||
| 690 | _aRATING AND VALUATION | ||
| 700 | _aMoreton, Peter | ||
| 710 |
_aRoyal Institution of Chartered Surveyors _94900 |
||
| 710 |
_aCollege of Estate Management _9400 |
||
| 942 | _n0 | ||
| 948 | _c04/03/1997 | ||
| 999 |
_c85214 _d85214 |
||